Every Nintendo Console - Statistics

General Stats
  • This quiz has been taken 31 times
  • The average score is 17 of 43
Answer Stats
Years Sold Console % Correct
2017-Present Nintendo Switch
95%
1996-2006 Nintendo 64
91%
2004-2011 Nintendo DS
82%
1989-2006 Nintendo Game Boy
82%
1985-2006 Nintendo Entertainment System
77%
2001-2007 Nintendo Game Boy Advance
77%
1998-2006 Nintendo Game Boy Color
77%
2006-2013 Nintendo Wii
77%
1990-2006 Super Nintendo Entertainment System
77%
2011-2019 Nintendo 3DS
73%
2001-2006 Nintendo GameCube
73%
2012-2017 Nintendo WiiU
73%
2003-2007 Nintendo Game Boy Advance SP
55%
2013-2018 Nintendo 2DS
50%
2006-2011 Nintendo DS Lite
45%
1996-2006 Nintendo Game Boy Pocket
45%
2018-Present Nintendo Switch Lite
45%
1995 Virtual Boy
45%
2014-2019 New Nintendo 3DS
41%
2021-Present Nintendo Switch OLED
41%
2012-2017 Nintendo 3DS XL
36%
2008-2011 Nintendo DSi
36%
1977-1980 Color TV-Game 6
32%
1978-1980 Color TV-Game 15
27%
1980-1981 Computer TV Game
27%
2005-2009 Nintendo Game Boy Micro
27%
2015-2019 New Nintendo 3DS XL
23%
2009-2012 Nintendo DSi XL
23%
1980-1991 Nintendo Game & Watch
23%
2012-2015 Nintendo Wii Mini
23%
2015-2018 New Nintendo 2DS XL
18%
1997-1998 Nintendo Game Boy Light
14%
2020-Present Game & Watch: Super Mario Bros.
9%
2001-2006 Nintendo Pokemon Mini
5%
2003-2009 Panasonic Q
5%
1979-1981 Color TV Block Kusure
0%
1978-1980 Color TV Racing 112
0%
2016-Present Nintendo Entertainment System Classic
0%
1999-2005 Nintendo Pokemon Pikachu 2 GS
0%
1998-2005 Nintendo Pokemon Pikachu Virtual Pet
0%
2011-2017 Nintendo Wii Family Edition
0%
2015-2017 Nintendo WiiU Premium
0%
2017-Present Super Nintendo Entertainment System Classic
0%
No matching quizzes found
Score Distribution
Percent of People with Each Score
Percentile by Number Answered
Your Score History
You have not taken this quiz